| 000 | 00517nam a22001337a 4500 | ||
|---|---|---|---|
| 008 | 230420b |||||||| |||| 00| 0 eng d | ||
| 040 |
_aNational Science Library _cNational Science Library |
||
| 080 |
_a378:62(73)(047) _bAme |
||
| 245 |
_aGeneral education in engineering: _bA report of the humanistic social research project _c/ The American Society for engineering Education |
||
| 260 |
_aUSA: _bThe American Scociety for engineering Education, _c1956 |
||
| 300 | _a122p. | ||
| 650 | _aEducation | ||
| 942 |
_2udc _cREP |
||
| 999 |
_c21425 _d21425 |
||